000 00624nam a22001937a 4500
999 _c17026
_d17026
003 AR-CdUCM
008 190507b ||||| |||| 00| 0 spa d
040 _aMUNICIPALIDAD PROVINCIAL DEL CUSCO
_cBIBLIOTECA MUNICIPAL DEL CUSCO
082 _a869.561 /
_bD35
100 _aDelgado, Luis Humberto,
_916656
245 _aCésar Vallejo y Javier Heraud /
260 _aLima :
_bLatino América Editores,
_c1969.
300 _a185 paginas ;
_c18 cm.
505 _aContenido :César Vallejo y Javier Heraud /
650 _aLiteratura peruana
_9169
650 _aSiglo XX
_98
942 _2ddc
_cLIBROS
945 _arjall
_d2019-05-07